Spikselizowana Mapa Azji - Statystyki

Ogólne statystyki
  • Ten quiz został rozwiązany 20 577 razy
  • Średni wynik to 251 z 283
Odpowiedzi na mapie
Odpowiedzi zakodowano w zielono-czerwonej skali na mapie do tego quizu, zgodnie z poniższymi procentami.
 
Statystyki odpowiedzi
Państwo % Poprawnych
Chiny
99%
Indie
95%
Japonia
95%
Kazachstan
91%
Mongolia
91%
Korea Pólnocna
89%
Korea Poludniowa
89%
Arabia Saudyjska
88%
Iran
86%
Irak
85%
Indonezja
84%
Turcja
83%
Oman
79%
Pakistan
78%
Jemen
77%
Wietnam
75%
Tajlandia
74%
Afganistan
73%
Uzbekistan
73%
Zjednoczone Emiraty Arabskie
72%
Tadzykistan
71%
Turkmenistan
71%
Filipiny
70%
Nepal
70%
Sri Lanka
70%
Syria
68%
Kirgistan
67%
Gruzja
66%
Laos
65%
Malezja
65%
Azerbejdzan
64%
Mjanma
60%
Kambodza
59%
Jordania
56%
Nie znaleziono quizów pasujących do podanych kryteriów
Rozkład punktacji
Procent ludzi z każdym wynikiem
Percentyl według liczby udzielonych odpowiedzi
Twoja historia wyników
Nie rozwiązałeś tego quizu